00000000nam 2200000zi 4500
0019.946642
003CaOODSP
00520250422135818
006m     o  d f      
007cr cn|||||||||
008250108t20252025quca    ob   f000 0 eng d
020 |a9780660751542
040 |aCaOODSP|beng|erda|cCaOODSP
043 |an-cn-on
0861 |aTU3-10/22-0161E-PDF
1102 |aTransportation Safety Board of Canada.|eauthor, |eissuing body.
24510|aRunway overrun, Flair Airlines Ltd., Boeing 737-800, C-FFLC, Kitchener/Waterloo Airport (CYKF) (Ontario), 25 November 2022.
264 1|aGatineau QC : |bTransportation Safety Board of Canada = Bureau de la sécurité des transports du Canada, |c2025.
264 4|c©2025
300 |a1 online resource (63 pages) : |billustrations.
336 |atext|btxt|2rdacontent
337 |acomputer|bc|2rdamedia
338 |aonline resource|bcr|2rdacarrier
4901 |aAir transportation safety investigation report ; |vA22O0161
500 |aCover title.
500 |a"Released 13 February 2025."
500 |aIssued also in French under title: Sortie en bout de piste, Flair Airlines Ltd., Boeing 737-800, C-FFLC, Aéroport de Kitchener/Waterloo (CYKF) (Ontario), 25 novembre 2022.
504 |aIncludes bibliographical references.
650 0|aAircraft accidents|xInvestigation|zOntario.
77508|tSortie en bout de piste, Flair Airlines Ltd., Boeing 737-800, C-FFLC, Aéroport de Kitchener/Waterloo (CYKF) (Ontario), 25 novembre 2022.|w(CaOODSP)9.946644
830#0|aAir transportation safety investigation brief ;|vA22O0161.|w(CaOODSP)9.845270
85640|qPDF|s6.24 MB|uhttps://publications.gc.ca/collections/collection_2025/bst-tsb/TU3-10-22-0161-eng.pdf
8564 |qHTML|sN/A|uhttps://www.bst-tsb.gc.ca/eng/rapports-reports/aviation/2022/a22o0161/a22o0161.html